| 000 | 00448pab a2200145 454500 | ||
|---|---|---|---|
| 008 | 180718b xxu||||| |||| 00| 0 eng d | ||
| 100 | _aChandra Bipan | ||
| 245 | _aGandhi and Ambedkar: attitudes towards caste system | ||
| 362 | _a13 Apr 1994, p.12 | ||
| 650 | _a Gandhi, M.K. -- Criticism andd Intrepretation | ||
| 650 | _a Ambedkar, B.R. -- Criticism and Interpretation | ||
| 650 | _aBackward Classes | ||
| 773 | _aTimes of India | ||
| 909 | _a26600 | ||
| 999 |
_c26600 _d26600 |
||